Mazameen e Khilafat / (Record no. 588636)

000 -LEADER
fixed length control field 00428nam a22001457a 4500
082 ## - DEWEY DECIMAL CLASSIFICATION NUMBER
Classification number 297.6
Author Mark ALI
100 ## - MAIN ENTRY--PERSONAL NAME
Personal name Ali, Chaudhary Rehmat
245 ## - TITLE STATEMENT
Title Mazameen e Khilafat /
Statement of responsibility, etc. Chaudhary Rehmat Ali
260 ## - PUBLICATION, DISTRIBUTION, ETC.
Place of publication, distribution, etc. Lahore :
Name of publisher, distributor, etc. Khilafat Publications,
Date of publication, distribution, etc. 2014.
300 ## - PHYSICAL DESCRIPTION
Extent 346p. ;
Dimensions 22 cm.
563 ## - BINDING INFORMATION
Binding note PBK.
880 ## - ALTERNATE GRAPHIC REPRESENTATION
Linkage 100-01\r
Title چوہدری رحمت علی
880 ## - ALTERNATE GRAPHIC REPRESENTATION
Linkage 245-02\r
Title مضامین خلافت
942 ## - ADDED ENTRY ELEMENTS (KOHA)
Source of classification or shelving scheme
Koha item type Book
Holdings
Withdrawn status Lost status Source of classification or shelving scheme Damaged status Not for loan Permanent Location Current Location Shelving location Date acquired Source of acquisition Total Checkouts Full call number Barcode Date last seen Price effective from Koha item type
          Central Library (CL) Central Library (CL) First Floor - Islam 03/07/2022 Donated by Student Affairs NUST   297.6 ALI CL-D-1497 06/06/2022 03/07/2022 Book
© 2023 Central Library, National University of Sciences and Technology. All Rights Reserved.